[Event "CZE-chT U20 final-A 1011"]
[Site "Czech Republic"]
[Date "2011.04.15"]
[Round "8.4"]
[White "Meduna, Eduard1"]
[Black "Vaclavicek, Lukas"]
[Result "1-0"]
[WhiteElo "1858"]
[BlackElo "1657"]
[PlyCount "79"]
[EventDate "2010.10.02"]
[EventType "team-tourn"]
[EventRounds "11"]
[EventCountry "CZE"]
[SourceTitle "EXT 2012"]
[Source "ChessBase"]
[SourceDate "2011.11.24"]
[SourceVersion "1"]
[SourceVersionDate "2011.11.24"]
[SourceQuality "1"]
[WhiteTeam "Brno Lokomotiva (U20)"]
[BlackTeam "Liberec (U20)"]
[WhiteTeamCountry "CZE"]
[BlackTeamCountry "CZE"]

1. e4 c5 2. Nf3 Nc6 3. d4 cxd4 4. Nxd4 Nf6 5. Nc3 e5 6. Ndb5 d6 7. Nd5 Nxd5 8. exd5 Ne7 9. c4 Nf5 10. Bd3 Be7 11. 0-0 0-0 12. b4 a6 13. Nc3 Nd4 14. Be3 Qb6 15. Rb1 f5 16. Ne2 Nxe2+ 17. Qxe2 Qd8 18. f4 exf4 19. Bxf4 Bf6 20. Be3 Be5 21. Bf4 Bd4+ 22. Kh1 g5 23. Bg3 f4 24. Qe4 Bf5 25. Qxd4 Bxd3 26. Qxd3 fxg3 27. Qxg3 Qe7 28. h4 h6 29. Rfe1 Qf6 30. Re6 Qf5 31. Rbe1 Rac8 32. c5 dxc5 33. Rxh6 Qxd5 34. Rg6+ Kh7 35. Rxg5 Rf5 36. Rxf5 Qxf5 37. Re7+ Kh6 38. Qg7+ Kh5 39. g4+ Qxg4 40. Qh7# 1-0

[Event "CZE-chTW U20 1011"]
[Site "Czech Republic"]
[Date "2011.01.15"]
[Round "6.4"]
[White "Vlckova, Katerina"]
[Black "Vaclavicek, Lukas"]
[Result "0-1"]
[WhiteElo "1685"]
[BlackElo "1657"]
[PlyCount "100"]
[EventDate "2010.10.02"]
[EventType "team-tourn"]
[EventRounds "11"]
[EventCountry "CZE"]
[SourceTitle "EXT 2012"]
[Source "ChessBase"]
[SourceDate "2011.11.24"]
[SourceVersion "1"]
[SourceVersionDate "2011.11.24"]
[SourceQuality "1"]
[WhiteTeam "Polabiny (U20)"]
[BlackTeam "Liberec (U20)"]
[WhiteTeamCountry "CZE"]
[BlackTeamCountry "CZE"]

1. d4 d5 2. c4 c6 3. Nc3 e6 4. Nf3 Nf6 5. cxd5 exd5 6. Bg5 Bb4 7. a3 Bxc3+ 8. bxc3 Qa5 9. Qb3 Ne4 10. Rc1 Nd7 11. e3 Nb6 12. Bd3 Nxg5 13. Nxg5 f6 14. Nf3 0-0 15. 0-0 Kh8 16. e4 dxe4 17. Bxe4 Re8 18. Qf7 Bd7 19. Bd3 Qd5 20. Qxd5 Nxd5 21. Rfe1 Rxe1+ 22. Nxe1 Re8 23. Kf1 Nf4 24. Bb1 Be6 25. Bd3 Bg4 26. f3 Be6 27. Kf2 b5 28. Bf1 Bc4 29. Nc2 Bxf1 30. Kxf1 a5 31. Ne1 Nd5 32. Kf2 Nf4 33. Rc2 Kg8 34. g3 Nd5 35. c4 Ne3 36. Re2 Nd1+ 37. Kf1 Re3 38. cxb5 cxb5 39. Rd2 Nc3 40. Kf2 Nd5 41. Rb2 Rxa3 42. Rxb5 Ra2+ 43. Kg1 Nc3 44. Rb8+ Kf7 45. Kf1 a4 46. Ra8 a3 47. Nc2 Rxc2 48. Rxa3 Nd5 49. g4 Rc3 50. Ra7+ Kg6 0-1

[Event "CZE-chTW U20 1011"]
[Site "Czech Republic"]
[Date "2010.11.27"]
[Round "5.4"]
[White "Sabolova, Kristyna"]
[Black "Vaclavicek, Lukas"]
[Result "0-1"]
[WhiteElo "1923"]
[BlackElo "1657"]
[PlyCount "56"]
[EventDate "2010.10.02"]
[EventType "team-tourn"]
[EventRounds "11"]
[EventCountry "CZE"]
[SourceTitle "EXT 2012"]
[Source "ChessBase"]
[SourceDate "2011.11.24"]
[SourceVersion "1"]
[SourceVersionDate "2011.11.24"]
[SourceQuality "1"]
[WhiteTeam "Horice (U20)"]
[BlackTeam "Liberec (U20)"]
[WhiteTeamCountry "CZE"]
[BlackTeamCountry "CZE"]

1. d4 Nf6 2. Nf3 e6 3. e3 d5 4. Bd3 Nbd7 5. 0-0 c6 6. c4 dxc4 7. Bxc4 b5 8. Bd3 a6 9. Nc3 c5 10. b3 Bb7 11. Bb2 Rc8 12. dxc5 Bxc5 13. Nd4 Qb6 14. Nce2 e5 15. Nf5 Qc6 16. Nh4 Ng4 17. Nd4 exd4 18. Qxg4 Ne5 19. Qe2 Nxd3 20. Qxd3 dxe3 21. fxe3 0-0 22. Qc3 f6 23. Rae1 Rfe8 24. Nf3 Qe4 25. Bc1 Bb4 26. Qd4 Bxe1 27. Rxe1 Rc2 28. Bb2 Rxg2+ 0-1

[Event "CZE-chTW U20 1011"]
[Site "Czech Republic"]
[Date "2010.10.03"]
[Round "3.4"]
[White "Jelinek, Michal"]
[Black "Vaclavicek, Lukas"]
[Result "0-1"]
[WhiteElo "1762"]
[BlackElo "1657"]
[PlyCount "44"]
[EventDate "2010.10.02"]
[EventType "team-tourn"]
[EventRounds "11"]
[EventCountry "CZE"]
[SourceTitle "EXT 2012"]
[Source "ChessBase"]
[SourceDate "2011.11.24"]
[SourceVersion "1"]
[SourceVersionDate "2011.11.24"]
[SourceQuality "1"]
[WhiteTeam "Praha Oaza (U20)"]
[BlackTeam "Liberec (U20)"]
[WhiteTeamCountry "CZE"]
[BlackTeamCountry "CZE"]

1. e4 e5 2. Nf3 Nc6 3. Bb5 f5 4. d3 Nf6 5. Nc3 d6 6. 0-0 Be7 7. Be3 f4 8. Bd2 h6 9. d4 Nd7 10. Ne2 g5 11. d5 Ncb8 12. Bc3 0-0 13. b4 Nf6 14. Nd2 g4 15. Qe1 Kh7 16. Bd3 Nh5 17. f3 Bh4 18. Qd1 Rg8 19. Nc1 Qg5 20. fxg4 Bxg4 21. Be2 Bh3 22. Bf3 Bxg2 0-1

[Event "CZE-chT U20 final-A 0910"]
[Site "Pavla Vlachovice"]
[Date "2010.04.25"]
[Round "11.5"]
[White "Vaclavicek, Lukas"]
[Black "Miturova, Magdalena"]
[Result "1/2-1/2"]
[WhiteElo "1802"]
[BlackElo "1936"]
[PlyCount "62"]
[EventDate "2010.04.23"]
[EventType "team-tourn"]
[EventRounds "11"]
[EventCountry "CZE"]
[SourceTitle "EXT 2011"]
[Source "ChessBase"]
[SourceDate "2010.11.26"]
[SourceVersion "1"]
[SourceVersionDate "2010.11.26"]
[SourceQuality "1"]
[WhiteTeam "Liberec (U20)"]
[BlackTeam "Frydek Mistek (U20)"]
[WhiteTeamCountry "CZE"]
[BlackTeamCountry "CZE"]

1. e4 e5 2. Nf3 Nc6 3. Bb5 a6 4. Ba4 Nf6 5. 0-0 Be7 6. Re1 d6 7. h3 b5 8. Bb3 Na5 9. c3 Nxb3 10. axb3 c5 11. d3 0-0 12. Nbd2 g6 13. Nf1 Nh5 14. Bh6 Re8 15. Ne3 Bf8 16. Bxf8 Rxf8 17. Nc2 Nf4 18. Ne3 f5 19. exf5 Bxf5 20. Nxf5 Rxf5 21. b4 cxb4 22. d4 Qf6 23. dxe5 dxe5 24. Re3 Rf8 25. cxb4 Kg7 26. Raa3 Rd8 27. Qb3 h5 28. Qc2 Re8 29. Qc7+ Re7 30. Qc2 Qd6 31. Qe4 Qf6 1/2-1/2